| 000 | 00484nam a22001697a 4500 | ||
|---|---|---|---|
| 005 | 20250106145306.0 | ||
| 008 | 250106b |||||||| |||| 00| 0 eng d | ||
| 020 | _a9780837087935 | ||
| 082 |
_a303.483 _bRAS-O |
||
| 100 | _aRashid, Imran | ||
| 245 |
_aOffline: _bFree Your Mind from Smartphone and Social Media Stress / _cimran rashid |
||
| 260 |
_aUSA: _bWiley; _c2019. |
||
| 300 |
_axiv, 20 p. : _bill; _c24 cm. |
||
| 500 | _ainclude index. | ||
| 650 | _aComputer | ||
| 999 |
_c36810 _d36810 |
||